02023agaaa2200289 45000010005000000030009000050050017000140070009000310080040000400400023000800410014001031000050001171300037001672450223002042500022004272600158004493000034006075080176006415110091008175200544009085380016014525460014014686500068014827000065015507000062016157000056016770696IT-RoPAU20220918181233.0d cvaizq50131s9999||||xx ||| | || ||und|| aIT-RoPAUcIT-RoPAU aITALIANO  aDuguay ChristiangCodice regista SPICS: 58007 aSOTTO IL CIELO DI ROMA. PIO XII  aSOTTO IL CIELO DI ROMA. PIO XII cProdotto da: Bernabei Luca -- Sceneggiatura: Bettelli Fabrizio Arlanch Francesco -- Diretto da: Duguay ChristianpSOTTO IL CIELO DI ROMA. PIO XII (Rif. Codice opera principale : K0696) aEdizione Standard a(ITALIA - GERMANIA)bRAI FICTION - LUX VIDE - EOS INTERT. - RAI TR / Distribuzione: MULTIMEDIA SAN PAOLOg"2010 (1° ed.: 2011 ; Ed. Lingua Orig.: 2010)" aDVDbsonoro, col.c200 minuti a"Fotografia: Lucci Fabrizio ; Montaggio: Yardley D. Fanfani L; Musica: Guerra Andrea; Sceneggiatura: Bettelli Fabrizio Arlanch Francesco ; Scenografia: Cosulich Sergio ; " a"Mastronardi Alessandra; Foschi Marco; Herz-Kestranek Miguel; Bassi Ettore; Cromwell " aA ROMA, DURANTE L'OCCUPAZIONE NAZISTA, S'INTRECCIANO LA STORIA DEL MANCATO SEQUESTRO DEL PAPA, PIO XII, CHE REAGISCE ALLE DEPORTAZIONI CON UNA DISCUSSA NEUTRALITA', CON LE VICENDE DI TRE RAGAZZI, TRA CUI MIRIAM, UN'EBREA CHE PER SFUGGIRE ALLA CATTURA DECIDE DI TRAVESTIRSI DA SUORA E NASCONDERSI IN UN CONVENTO. MARCO , SUO AMICO UNIVERSITARIO CHE SCEGLIE DI SCHIERARSI E SCENDERE IN STRADA CON I PARTIGIANI, E DAVIDE, CHE TIRA AVANTI CON IL MERCATO NERO, MA E' BUONO E ONESTO... PROGRAMMA TV PROPOSTO NEL MESE DI DICEMBRE 2010 DA RAIUNO.  aPAL, STEREO aITALIANO  aBIOGRAFICO - GUERRAeDVD-FILM [DVD]xCodice MATERIA SPICS: 9947 aBettelli Fabrizio e(soggetto)gCodice Soggetto SPICS: 21592 aDuguay Christian e(regista)gCodice regista SPICS: 58007 aGuerra Andreae(musica)gCodice Musica SPICS: 57998